000 00349nam a2200145Ia 4500
008 230917s9999||||xx |||||||||||||| ||und||
040 _e56742
_aMAIN
041 _aEnglish
082 _a170 S68M
100 _aStoljar, Samuel
245 0 _aMoral and legal reasoning
260 _aLondon
_bMacmillan
_c1980
300 _aviii, 172 p.
942 _cBK
999 _c218155
_d218155